| 000 | 00650nam a22002057a 4500 | ||
|---|---|---|---|
| 999 |
_c9688 _d9688 |
||
| 003 | AR-CdUCM | ||
| 008 | 190328b ||||| |||| 00| 0 spa d | ||
| 040 |
_aMUNICIPALIDAD PROVINCIAL DEL CUSCO _cBIBLIOTECA MUNICIPAL DEL CUSCO |
||
| 082 |
_aC / 869.56 / _bG25S |
||
| 100 |
_aGarrido Malaver, Julio _92596 |
||
| 245 | _aSimplemente el Hombre / | ||
| 260 |
_aTrujillo : _bNorte S.A. , _c1958. |
||
| 300 |
_a92 páginas ; _c20.4 cm. |
||
| 500 | _aContiene dedicatoria a Luis Nieto. | ||
| 650 |
_aLiteratura Trujillana _913650 |
||
| 650 |
_aLiteratura Peruana _9132 |
||
| 650 |
_aLiteratura Latinoamericana _9799 |
||
| 942 |
_2ddc _cLIBROS |
||
| 945 | _artm | ||